[Event "Decin op"]
[Site "Decin"]
[Date "1995.??.??"]
[Round "9"]
[White "Krivoshey, Sergei"]
[Black "Hatanbaatar, Bazar"]
[Result "1/2-1/2"]
[WhiteElo "2420"]
[BlackElo "2440"]

1.Nf3 Nf6 2.c4 e6 3.Nc3 c5 4.g3 b6 5.Bg2 Bb7 6.O-O d6 7.Re1 a6 8.e4 Qc7 9.d4 cxd4
10.Nxd4 Be7 11.Be3 O-O 12.Rc1 Re8 13.f4 Bf8 14.Bf2 Nfd7 15.Qd2 Nc6 16.Ncb5 Qb8
17.Nxc6 Bxc6 18.Nd4 Bb7 19.b4 Qc7 20.Nb3 Rad8 21.a4 Ba8 22.a5 bxa5 23.Nxa5 Rb8
24.Rb1 Red8 25.Rec1 Nf6 26.Qe2 h5 27.h3 g6 28.Qe1 Nd7 29.Qe3 Nf6 30.Qe1 Qd7
31.c5 dxc5 32.bxc5 Rxb1 33.Rxb1 Rc8 34.Rc1 Qa4 35.Ra1 Qe8 36.Rc1 e5 37.f5 Bh6
38.Rb1 Qa4 39.fxg6 fxg6 40.Qb4 Qxb4 41.Rxb4 Bd2 42.Rb6 Bxa5 43.Rxf6 Rc6 44.Rf3 Kg7
45.Rb3 Bc7 46.Bf1 Rf6 47.Rd3  1/2-1/2

[Event "Dresden op"]
[Site "Dresden"]
[Date "1995.??.??"]
[Round "?"]
[White "Kalinitschew, Sergey"]
[Black "Bischoff, Klaus"]
[Result "1-0"]
[WhiteElo "2470"]
[BlackElo "2550"]

1.Nf3 e6 2.c4 Nf6 3.Nc3 c5 4.g3 b6 5.Bg2 Bb7 6.O-O Be7 7.Re1 d6 8.e4 a6 9.d4 cxd4
10.Nxd4 Qc7 11.Be3 O-O 12.Rc1 Nbd7 13.f4 Rfc8 14.b3 Bf8 15.f5 e5 16.Nd5 Qd8
17.Nc2 b5 18.cxb5 axb5 19.Ncb4 Qa5 20.Qd2 h6 21.h3 Nxd5 22.exd5 Be7 23.Nc6 Qxd2
24.Bxd2 Kf8 25.Rc2 Bd8 26.Bb4 Bb6+ 27.Kf1 Bc5 28.Bxc5 Nxc5 29.Ke2 Bxc6 30.dxc6 Ke7
31.Rd1 Ra7 32.a4 bxa4 33.b4 Nb3 34.b5 Ra5 35.b6 Rb5 36.b7 Rc7 37.Rd5 Nc5
38.Rdxc5 dxc5 39.Rxc5 Rb2+ 40.Kd3 Rb3+ 41.Kc4 Kd6 42.Rb5  1-0

[Event "RUS-ch"]
[Site "Elista"]
[Date "1995.??.??"]
[Round "8"]
[White "Makarichev, Sergey"]
[Black "Mitenkov, Alexey"]
[Result "1-0"]
[WhiteElo "2540"]
[BlackElo "2430"]

1.c4 Nf6 2.Nc3 c5 3.Nf3 e6 4.e3 d5 5.d4 dxc4 6.Bxc4 a6 7.Bb3 b5 8.a4 b4 9.Ne2 Bb7
10.Nf4 Nbd7 11.Ng5 Nd5 12.Ngxe6 fxe6 13.Nxe6 Qc8 14.Bxd5 Bxd5 15.Qh5+ Ke7
16.Qxd5 Nf6 17.Qxc5+ Kxe6 18.Qe5+ Kf7 19.Bd2 Qd7 20.Qa5 Qd6 21.Rc1 Be7 22.Qf5 Qe6
23.Qxe6+ Kxe6 24.f3 Rhc8 25.Ke2 Ne8 26.Kd3 Kd7 27.e4 Nd6 28.Rxc8 Rxc8 29.Rc1 Rxc1
30.Bxc1 Nb7 31.f4 g6 32.g4 Ke6 33.f5+ gxf5 34.gxf5+ Kf6 35.Bf4 Na5 36.Bh6 Nb3
37.Kc4 Na5+ 38.Kd5 Nb3 39.Bf4 h5 40.Be3 Na5 41.Bf2 Nb3 42.Kc6 Bf8 43.Kd7 Bh6
44.Bh4+ Kg7 45.Ke7 Kg8 46.Bf2 Nd2 47.e5 Nc4 48.b3 Na5 49.f6 Nxb3 50.f7+ Kh7
51.Be3 Bg7 52.f8=Q Bxf8+ 53.Kxf8  1-0

[Event "RUS-ch"]
[Site "Elista"]
[Date "1995.??.??"]
[Round "10"]
[White "Epishin, Vladimir"]
[Black "Ulibin, Mikhail"]
[Result "1-0"]
[WhiteElo "2640"]
[BlackElo "2545"]

1.Nf3 c5 2.c4 Nf6 3.Nc3 e6 4.g3 b6 5.Bg2 Bb7 6.O-O Be7 7.Re1 d6 8.e4 a6 9.d4 cxd4
10.Nxd4 Qc7 11.Be3 O-O 12.Rc1 Re8 13.h3 Bf8 14.b3 Nbd7 15.Rc2 Rad8 16.Bc1 Qb8
17.Bb2 Qa8 18.Rce2 Ne5 19.Kh2 Qb8 20.Rd2 h5 21.Kh1 h4 22.f4 Ng6 23.f5 Ne5
24.fxe6 fxe6 25.g4 g6 26.Rf1 Bg7 27.Rdf2 Nh7 28.Qd2 Qc8 29.g5 Qc5 30.Nce2 Bc8
31.Bc3 Re7 32.a4 Nf7 33.a5 bxa5 34.Ra1 Nf8 35.Rxa5 Qb6 36.b4 e5 37.c5 dxc5
38.bxc5  1-0

[Event "Espergerde"]
[Site "Espergerde"]
[Date "1995.??.??"]
[Round "?"]
[White "Bang, Andreas"]
[Black "Ostergaard, Jens"]
[Result "1/2-1/2"]
[WhiteElo "2295"]
[BlackElo "2310"]

1.Nf3 Nf6 2.c4 c5 3.Nc3 d5 4.cxd5 Nxd5 5.d4 g6 6.Qb3 Nxc3 7.Qxc3 cxd4 8.Qxd4 Qxd4
9.Nxd4 Bg7 10.Be3 Nc6 11.Nxc6 bxc6 12.O-O-O Be6 13.a3 c5 14.g3 O-O 15.Bg2 Rab8
16.Rd2 Rb5 17.Rhd1 Bb3 18.Re1 Rc8 19.Be4 f5 20.Bc2 c4 21.Red1 Bxb2+ 22.Kb1 Bf6
23.Rd8+ Rxd8 24.Rxd8+ Kf7 25.Bxa7 Ra5 26.Bd4 e5 27.Rd7+ Ke6 28.Ra7 Rxa7  1/2-1/2

[Event "Foment op"]
[Site "Foment"]
[Date "1995.??.??"]
[Round "5"]
[White "Fernandez, Juan Luis"]
[Black "Vidarte Morales, Arturo"]
[Result "0-1"]
[WhiteElo "2305"]
[BlackElo "2355"]

1.c4 c5 2.Nf3 Nf6 3.Nc3 e6 4.e3 d5 5.d4 Ne4 6.Bd3 Nxc3 7.bxc3 dxc4 8.Bxc4 cxd4
9.cxd4 Bb4+ 10.Bd2 Bxd2+ 11.Qxd2 Nc6 12.O-O O-O 13.Rfd1 b6 14.d5 exd5 15.Bxd5 Bb7
16.Qc3 Qf6 17.Qxf6 gxf6 18.Bxc6 Bxc6 19.Rd6 Bxf3 20.gxf3 Rfd8 21.Rad1 Rxd6
22.Rxd6 Rc8 23.Rxf6 Rc1+ 24.Kg2 Ra1 25.f4 Rxa2 26.f5 Rb2 27.Rc6 a5 28.Kg3 a4
29.f6 h6 30.f4 Rb5 31.e4 a3 32.Rc2 Ra5 33.Ra2 b5 34.f5 b4 35.Kf4 b3 36.Rg2+ Kh8
37.e5 a2 38.Rg1 a1=Q 39.Rxa1 Rxa1  0-1

[Event "Frydek-Mistek op-B"]
[Site "Frydek-Mistek"]
[Date "1995.??.??"]
[Round "?"]
[White "Orzechowski, Jacek"]
[Black "Widera, Jan"]
[Result "1-0"]
[WhiteElo "2220"]
[BlackElo "2200"]

1.c4 c5 2.Nf3 Nf6 3.Nc3 g6 4.g3 b6 5.Bg2 Bb7 6.O-O Bg7 7.d3 O-O 8.Bd2 a6
9.Qc1 d5 10.cxd5 Nxd5 11.Bh6 Nd7 12.a3 Rc8 13.Bxg7 Kxg7 14.Nxd5 Bxd5 15.b4 e5
16.Qb2 f6 17.Ng5 Nb8 18.Ne4 Bxe4 19.Bxe4 Rf7 20.Bg2 cxb4 21.Qxb4 Nc6 22.Bxc6 Rxc6
23.Rab1 Rfc7 24.Rfd1 Rd7 25.Rdc1 Rdc7 26.Rd1 Rd6 27.Rdc1 b5 28.Rc5 Rdc6 29.Rxc6 Rxc6
30.a4 bxa4 31.Qxa4 Qc8 32.Qa3 Rc2 33.Kg2 g5 34.Rb2 Kg6 35.Rxc2  1-0

[Event "Gausdal Int"]
[Site "Gausdal"]
[Date "1995.??.??"]
[Round "1"]
[White "Ivanov, Mikhail M"]
[Black "Djurhuus, Rune"]
[Result "1/2-1/2"]
[WhiteElo "2450"]
[BlackElo "2495"]

1.Nf3 Nf6 2.c4 c5 3.Nc3 g6 4.d4 Bg7 5.e4 cxd4 6.Nxd4 Nc6 7.Be3 O-O 8.Be2 d6
9.O-O Bd7 10.Re1 Nxd4 11.Bxd4 Bc6 12.Bd3 a5 13.b3 Nd7 14.Bxg7 Kxg7 15.Nd5 Nc5
16.Qd2 e5 17.Nc3 f5 18.Bc2 f4 19.Rad1 Rf6 20.a3 f3 21.b4 axb4 22.axb4 Ne6
23.b5 Nf4 24.g3 Be8 25.Bd3 Nxd3 26.Qxd3 Bf7 27.Rc1 Ra3 28.Qf1 Qa5 29.Nd1 Be6
30.Ne3 Rf8 31.Ra1 Ra8 32.Rxa3 Qxa3 33.Rd1 Rc8 34.h4 b6 35.Ra1 Qc5 36.Ra7+ Rc7
37.Rxc7+ Qxc7 38.Qd1 h5 39.Kh2 Qc5 40.Qa4 Qd4 41.Qa7+ Bf7 42.Kg1 Qd2 43.Qc7 Qd4
44.Qe7 Qa1+ 45.Nf1 Qd1 46.Qc7 Qd4 47.Ne3 Qd2 48.Nf1 Qd3 49.Ne3 Qb1+ 50.Nf1 Qd3
51.Ne3 Qd4 52.Qa7 Qb2 53.Qc7 Qd4 54.Qa7  1/2-1/2

[Event "Troll Masters"]
[Site "Gausdal"]
[Date "1995.??.??"]
[Round "6"]
[White "Voskanian, Vahagn"]
[Black "Kinsman, Andrew PH"]
[Result "1/2-1/2"]
[WhiteElo "2365"]
[BlackElo "2355"]

1.Nf3 Nf6 2.c4 e6 3.Nc3 c5 4.d4 cxd4 5.Nxd4 Nc6 6.Nc2 d5 7.cxd5 exd5 8.Bg5 d4
9.Ne4 Bf5 10.Nxf6+ gxf6 11.Bd2 Bc5 12.b4 Bb6 13.e3 d3 14.Qf3 Bg6 15.Na3 Qe7
16.Qf4 Rd8 17.Rc1 O-O 18.h4 h5 19.Kd1 Bc7 20.Qc4 Bd6 21.Nb5 Bxb4 22.Nxa7 Bxd2
23.Nxc6 bxc6 24.Kxd2 Qa3 25.e4 f5 26.f3 fxe4 27.fxe4 Bxe4 28.Rh3 Qb2+ 29.Kd1 Rfe8
30.Rg3+ Kf8 31.Qc5+ Re7 32.Qc3 Qxc3 33.Rxc3 d2 34.Be2 Bg6 35.Rge3 Re4 36.Rxe4 Bxe4
37.Bf3 Bxf3+ 38.gxf3 Rd4 39.Rxc6 Rxh4 40.Rd6 Rf4 41.Ke2 Ke7 42.Rxd2 Ke6 43.a3 Ra4
44.Rd3 Ke5  1/2-1/2

[Event "Geneve op"]
[Site "Geneve"]
[Date "1995.??.??"]
[Round "9"]
[White "Sher, Miron N"]
[Black "Suba, Mihai"]
[Result "1/2-1/2"]
[WhiteElo "2510"]
[BlackElo "2475"]

1.c4 Nf6 2.Nc3 c5 3.Nf3 e6 4.e3 b6 5.d4 cxd4 6.exd4 Bb7 7.a3 d5 8.cxd5 Nxd5
9.Ne5 a6 10.Qh5 Qc7 11.Bb5+ Bc6 12.Nxd5 exd5 13.Nxc6 axb5 14.Qe2+ Be7 15.Nxb8 O-O
16.Qxb5 Rfxb8 17.O-O Qc4 18.Qxc4 dxc4 19.Be3 b5 20.Rac1 Rd8 21.Rfd1 Rd5 22.Kf1 f5
23.Rc2 Kf7 24.f3 Bf6 25.Bf2 h5 26.h3 Ra6 27.Rb1 Ke6 28.Re2+ Kd7 29.Rbe1 Ra4
30.Rd1 h4 31.Be1 Ra6 32.Bb4 Re6 33.Bc5 Rxe2 34.Kxe2 Kc6 35.Ke3 Bg5+ 36.Ke2 Bf6
37.Ke3 Bg5+ 38.Ke2 Rd8 39.Bb4 Re8+ 40.Kf2 Be3+ 41.Kf1 Kd5 42.Re1 Re6 43.Bc3 g6
44.Re2 Bg5 45.Rxe6 Kxe6 46.Ke2 Kd5 47.Kd1 Bf6 48.Kc2 Bxd4 49.Be1 Bf6 50.Bf2 Be7
51.Bb6 Bf6 52.Bf2 Be7  1/2-1/2

[Event "OL-SW 9596"]
[Site "GER"]
[Date "1995.??.??"]
[Round "?"]
[White "Biehler, Thomas"]
[Black "Becker, Marc"]
[Result "1-0"]
[WhiteElo "2315"]
[BlackElo "2405"]

1.c4 c5 2.Nf3 Nf6 3.Nc3 b6 4.e3 g6 5.d4 Bg7 6.Be2 O-O 7.O-O Na6 8.d5 d6 9.e4 Nc7
10.Bg5 h6 11.Bf4 a6 12.a4 Rb8 13.h3 b5 14.axb5 axb5 15.e5 Nfe8 16.cxb5 Bd7
17.Qa4 Rb6 18.b4 cxb4 19.Qxb4 dxe5 20.Bxe5 Nxb5 21.Bxb5 Bxb5 22.Rfb1 Bxe5
23.Nxe5 Nc7 24.Qc5 Qd6 25.Qxd6 Rxd6 26.Nxb5 Rxd5 27.Nxc7 Rxe5 28.Re1 Rxe1+
29.Rxe1 e6 30.Rd1 Rb8 31.g3 Kg7 32.Kg2 g5 33.Rd3 Rb7 34.Rd7 Kg6 35.Nxe6  1-0

[Event "BL2-W9495"]
[Site "Germany"]
[Date "1995.??.??"]
[Round "?"]
[White "Von Gleich, Alexander"]
[Black "Michalek, Christoph"]
[Result "1-0"]
[WhiteElo "2315"]
[BlackElo "2185"]

1.Nf3 Nf6 2.c4 g6 3.Nc3 c5 4.d4 Bg7 5.e4 cxd4 6.Nxd4 d6 7.Be2 O-O 8.O-O Nc6
9.Be3 Bd7 10.f3 a6 11.Qd2 Rc8 12.Rac1 Nxd4 13.Bxd4 Be6 14.b3 Nd7 15.Bxg7 Kxg7
16.f4 f6 17.Nd5 Re8 18.Bf3 Rc5 19.b4 Rc8 20.a3 b6 21.Rfd1 a5 22.h3 axb4 23.axb4 Ra8
24.Ra1 Rxa1 25.Rxa1 Qb8 26.Qa2 b5 27.Qa7 Bxd5 28.exd5 Qd8 29.c5 dxc5 30.bxc5 Kf8
31.c6 Nb6 32.d6 Nc8 33.dxe7+ Rxe7 34.Qc5 Kg7 35.Rd1 Qc7 36.Qxb5 Qxf4 37.Qc5 Qc7
38.Qd5 Qg3 39.Qd7 Qb8 40.Qd4 Qc7 41.Qd8 Qa7+ 42.Kh1 Nb6 43.Rb1 Nc4 44.Rb7 Qa1+
45.Kh2 Qe5+ 46.g3 Rxb7 47.cxb7 Qb2+ 48.Bg2 Ne5 49.Qe7+ Kh6 50.Qxf6 Ng4+ 51.hxg4 Qxf6
52.b8=Q Qe7 53.Qf4+ Kg7 54.Qd4+ Kh6 55.Qd2+ Kg7 56.Qb2+ Kh6 57.Qb8 Qe2 58.Qf8+  1-0

[Event "Oberliga Nord O9495"]
[Site "Germany"]
[Date "1995.??.??"]
[Round "?"]
[White "Thinius, Marco"]
[Black "Feick, Stefan"]
[Result "1/2-1/2"]
[WhiteElo "2290"]
[BlackElo "2230"]

1.Nf3 Nf6 2.c4 c5 3.Nc3 g6 4.d4 cxd4 5.Nxd4 Nc6 6.e4 d6 7.Be2 Nxd4 8.Qxd4 Bg7
9.Bg5 O-O 10.Qd2 a6 11.Rc1 Be6 12.b3 b5 13.cxb5 axb5 14.Bxb5 Qa5 15.O-O Rfc8
16.Bd3 Rxc3  1/2-1/2

[Event "BL2-N9495"]
[Site "Germany"]
[Date "1995.??.??"]
[Round "?"]
[White "Panzer, Peter"]
[Black "Murdzia, Piotr"]
[Result "1/2-1/2"]
[WhiteElo "2380"]
[BlackElo "2455"]

1.Nf3 Nf6 2.c4 c5 3.Nc3 g6 4.g3 b6 5.Bg2 Bb7 6.O-O Bg7 7.d4 cxd4 8.Nxd4 Bxg2
9.Kxg2 Qc8 10.Qd3 Nc6 11.Nxc6 dxc6 12.Bf4 O-O 13.Rfd1 Re8 14.e4 Rd8 15.Qxd8+ Qxd8
16.Rxd8+ Rxd8 17.a4 Nh5 18.Be3 Bd4 19.Rd1 e5 20.f4 f6 21.Bxd4 exd4 22.Ne2 c5
23.Kf3 f5 24.e5  1/2-1/2

[Event "BL2-O9495"]
[Site "Germany"]
[Date "1995.??.??"]
[Round "?"]
[White "Treppner, Gerd"]
[Black "Stettler, Michael"]
[Result "1/2-1/2"]
[WhiteElo "2310"]
[BlackElo "2370"]

1.c4 e6 2.Nc3 c5 3.Nf3 Nf6 4.e4 Nc6 5.Be2 d5 6.exd5 exd5 7.d4 Be7 8.Be3 cxd4
9.Nxd4 Nxd4 10.Qxd4 dxc4 11.Qxd8+ Bxd8 12.Bxc4 O-O 13.O-O Bd7 14.Rfd1 a6
15.Nd5 Be6 16.Rac1 Rc8 17.Nxf6+ Bxf6 18.Bxe6 fxe6 19.b3 Rfd8 20.Rxd8+ Rxd8
21.Kf1 Rd7 22.Ke2 Kf7 23.Rc8 g6 24.Bb6 Be5 25.h3 h5 26.Rd8  1/2-1/2

[Event "Landesliga S9596 Bayern"]
[Site "Germany"]
[Date "1995.??.??"]
[Round "?"]
[White "Wild, Rudolf"]
[Black "Salvermoser, Bernd"]
[Result "0-1"]
[WhiteElo "2265"]
[BlackElo "2275"]

1.Nf3 c5 2.c4 Nf6 3.Nc3 e6 4.d4 cxd4 5.Nxd4 Bb4 6.Qd3 O-O 7.g3 Nc6 8.Nxc6 dxc6
9.Qxd8 Rxd8 10.Bd2 Ng4 11.f3 Bxc3 12.Bxc3 Ne3 13.Rc1 Nxc4 14.e4 Nb6 15.b3 Bd7
16.h4 f6 17.g4 e5 18.g5 Kf7 19.Rg1 a5 20.h5 Be6 21.h6 Nd7 22.hxg7 Kxg7 23.gxf6+ Kxf6
24.f4 a4 25.fxe5+ Kf7 26.b4 h5 27.Rc2 Rg8 28.Rh1 Rg5 29.Be2 Kg6 30.Rd2 Re8
31.Bxh5+ Rxh5 32.Rg2+ Rg5 33.Rgh2 Rg8 34.Rh6+ Kf7 35.Rf1+ Ke7  0-1

[Event "BL2-O9495"]
[Site "Germany"]
[Date "1995.??.??"]
[Round "?"]
[White "Schmidt, Jan Peter"]
[Black "Lang, Stefan"]
[Result "1-0"]
[WhiteElo "2245"]
[BlackElo "2250"]

1.Nf3 Nf6 2.c4 c5 3.Nc3 e6 4.e3 d6 5.d4 Nbd7 6.Bd3 Be7 7.O-O O-O 8.b3 b6
9.Bb2 Bb7 10.d5 e5 11.Nd2 Re8 12.f4 exf4 13.exf4 Bf8 14.g4 Re3 15.Rf3 Qe7
16.g5 Nh5 17.Nde4 Rxf3 18.Qxf3 g6 19.Nb5 f5 20.Nexd6 Bg7 21.Bxg7 Qxg7 22.Re1 a6
23.Nc7 Ra7 24.Re8+ Nf8 25.Ne6 Qa1+ 26.Qf1 Qxf1+ 27.Bxf1 Ra8 28.Rxf8+ Rxf8
29.Nxf8 Kxf8 30.Nxb7 Ke7 31.d6+ Kd7 32.Kf2 Nxf4 33.Ke3 Ne6 34.h4  1-0

[Event "Landesliga S9596 Bayern"]
[Site "Germany"]
[Date "1995.??.??"]
[Round "?"]
[White "Wehr, Stephan"]
[Black "Kempter, Ronald"]
[Result "1/2-1/2"]
[WhiteElo "2165"]
[BlackElo "2250"]

1.Nf3 Nf6 2.c4 c5 3.Nc3 g6 4.g3 Bg7 5.Bg2 O-O 6.O-O Nc6 7.Rb1 d5 8.cxd5 Nxd5
9.Qa4 Nc7 10.d3 Qd7 11.h3 Nd4 12.Nxd4 cxd4 13.Qxd7 Bxd7 14.Ne4 Bc6 15.Bg5 Nd5
16.Rfc1 h6 17.Bd2 Rac8 18.Nc5 b6 19.Na6 Rfd8 20.Nb4 Nxb4 21.Bxb4 Bxg2 22.Kxg2 e6
23.a4 a6 24.Kf3 f5 25.Bd2 e5 26.Rxc8 Rxc8 27.Rc1 Rxc1 28.Bxc1 Kf7 29.e4 dxe3
30.fxe3 Ke6 31.e4 b5 32.axb5 axb5 33.Bd2 Bf8 34.b4 h5 35.g4 hxg4+ 36.hxg4 f4
37.g5 Be7 38.Kg4  1/2-1/2

[Event "Hessenliga"]
[Site "Germany"]
[Date "1995.??.??"]
[Round "?"]
[White "Weil, Volker"]
[Black "Holfelder, Hans Joachim"]
[Result "1/2-1/2"]
[WhiteElo "2260"]
[BlackElo "2315"]

1.c4 Nf6 2.Nc3 c5 3.Nf3 d5 4.cxd5 Nxd5 5.g3 Nc6 6.Bg2 Nc7 7.O-O e5 8.d3 Be7
9.Ne1 Qd7 10.Nc2 b6 11.Ne3 Bb7  1/2-1/2

[Event "Oberliga Nord W9495"]
[Site "Germany"]
[Date "1995.??.??"]
[Round "?"]
[White "David, Adrian"]
[Black "Weber, Siegfried"]
[Result "0-1"]
[WhiteElo "2315"]
[BlackElo "2270"]

1.Nf3 c5 2.c4 Nf6 3.Nc3 b6 4.g3 Bb7 5.Bg2 e6 6.d4 cxd4 7.Qxd4 Nc6 8.Qf4 Bb4
9.O-O Bxc3 10.bxc3 O-O 11.e4 Na5 12.Nd2 d6 13.Ba3 e5 14.Qe3 Rc8 15.Qd3 Ba6
16.Rfd1 Rc6 17.Bb4 Bxc4 18.Qe3 Nb7 19.Nxc4 Rxc4 20.Qd3 Qc8 21.Bf1 Rc6 22.Qa6 Qb8
23.f3 Nd7 24.Qa4 Rc7 25.Bxd6 Nxd6 26.Rxd6 Nc5 27.Qd1 Ne6 28.Rc1 Qc8 29.Qd3 Re7
30.Rd5 Nc5 31.Qd2 Qc6 32.Qg5 Qc7 33.Bb5 h6 34.Qd2 Kh7 35.Kg2 Rc8 36.Rd1 Rf8
37.Rd6 Re6 38.Rd5 Re7 39.h4 Kg8 40.Rd6 Kh7 41.Qe3 a6 42.Be2 b5 43.R1d5 Rc8
44.Qd2 Qa5 45.Bd1 Qa3 46.Kh3 Rcc7 47.Rb6 Nb7 48.Bb3 Qa5 49.Qe3 Rxc3 50.Qf2 Nc5
51.Rdd6 Nxb3 52.axb3 Rxb3 53.Rxa6 Qc3 54.Qb6 Qc8+ 55.Kh2 Rb2+  0-1

[Event "Giessen op"]
[Site "Giessen"]
[Date "1995.??.??"]
[Round "7"]
[White "Badea, Bela"]
[Black "Panchenko, Alexandar G"]
[Result "1-0"]
[WhiteElo "2490"]
[BlackElo "2490"]

1.c4 Nf6 2.Nc3 c5 3.Nf3 g6 4.d4 Bg7 5.e4 cxd4 6.Nxd4 O-O 7.Be2 Nc6 8.Be3 d6
9.O-O Bd7 10.Qd2 Nxd4 11.Bxd4 Bc6 12.f3 Nd7 13.Be3 Nc5 14.b4 Ne6 15.Rac1 f5
16.exf5 gxf5 17.f4 Kh8 18.Nd5 Nc7 19.b5 Nxd5 20.cxd5 Bd7 21.Rc2 b6 22.Rfc1 Rc8
23.Rxc8 Bxc8 24.Qc2 Bb7 25.Bf3 Qd7 26.Qc7 Rd8 27.a4 Bb2 28.Rc2 Bf6 29.Qxd7 Rxd7
30.g4 h6 31.g5 hxg5 32.fxg5 Be5 33.h4 Kg7 34.Kg2 Kf7 35.h5 e6 36.g6+ Kf6
37.dxe6 Kxe6 38.Bxb7 Rxb7 39.h6 Rb8 40.Kf3 f4 41.Bxf4 Rf8 42.Rc4  1-0

[Event "Graz op"]
[Site "Graz"]
[Date "1995.??.??"]
[Round "2"]
[White "Schrey, Stefan"]
[Black "Wohlfahrt, Herbert J"]
[Result "1/2-1/2"]
[WhiteElo "2075"]
[BlackElo "2235"]

1.Nf3 Nf6 2.c4 e6 3.Nc3 c5 4.g3 b6 5.Bg2 Bb7 6.O-O Be7 7.b3 O-O 8.Bb2 d6
9.Qc2 Nbd7 10.Rad1 a6 11.a3 Qc7 12.Qb1 Rfe8 13.Rfe1 Bf8 14.e4 Rad8 15.Ng5 h6
16.Nh3 Bc6 17.a4 Qb8 18.Qd3 Qa8 19.Qf1 Ne5 20.f4 Ng6 21.Nf2 Bb7 22.d3 Nd7
23.Ne2 Nb8 24.h4 Nc6 25.h5 Nge7 26.g4 Nb4 27.Rd2 d5 28.Red1 dxc4 29.dxc4 Rxd2
30.Rxd2 Rd8 31.Qd1 Rxd2 32.Qxd2 Nec6 33.Bc3 Qd8 34.Qxd8 Nxd8 35.Be5 Ndc6
36.Bc7 Nc2 37.e5 Na5 38.Bxb7 Nxb7 39.Bxb6 Be7 40.Kg2 Kf8 41.Kf3 Ke8 42.Ne4 Kd7
43.a5 Nb4 44.f5 Nc6 45.Kf4 exf5 46.gxf5 Ncxa5 47.Bxa5 Nxa5 48.Nc1 Bf8 49.Ke3 Be7
50.Kd3 Nc6 51.Nc3 Nxe5+ 52.Ke4 Ng4 53.Nd5 Bd6 54.Nd3 Kc6 55.Kf3 Nh2+ 56.Kg2 Ng4
57.Kf3 Ne5+ 58.Nxe5+ Bxe5 59.Ke4 Kd6 60.Kf3 Bb2 61.Ke4 Bd4 62.Kf4  1/2-1/2

[Event "Graz op"]
[Site "Graz"]
[Date "1995.??.??"]
[Round "5"]
[White "Ibragimov, Ildar"]
[Black "Kumaran, Dharshan"]
[Result "1/2-1/2"]
[WhiteElo "2580"]
[BlackElo "2500"]

1.Nf3 Nf6 2.c4 c5 3.Nc3 e6 4.e3 d5 5.d4 Nc6 6.a3 cxd4 7.exd4 Be7 8.Bd3 dxc4
9.Bxc4 O-O 10.O-O b6 11.Re1 Bb7 12.Ba2 Qd6 13.Be3 Ng4 14.Ne4 Nxe3 15.Nxd6 Nxd1
16.Nxb7 Nxb2 17.d5 Nd8 18.Nxd8 Rfxd8 19.dxe6 f6 20.Rec1 Rac8 21.Nd4 Rxc1+
22.Rxc1 Kf8 23.Nc6 Rd1+ 24.Rxd1 Nxd1 25.a4 Bc5  1/2-1/2

[Event "Groningen op"]
[Site "Groningen"]
[Date "1995.??.??"]
[Round "?"]
[White "Tunik, Gennady"]
[Black "Donk, Merlijn Silvester"]
[Result "1-0"]
[WhiteElo "2515"]
[BlackElo "2365"]

1.Nf3 c5 2.c4 Nf6 3.Nc3 e6 4.g3 b6 5.Bg2 Bb7 6.O-O Be7 7.d4 cxd4 8.Qxd4 O-O
9.Rd1 Nc6 10.Qf4 d6 11.b3 Qb8 12.e4 a6 13.Qe3 b5 14.cxb5 axb5 15.Bb2 b4 16.Na4 Na5
17.Nb6 Ra6 18.Bxf6 Bxf6 19.Nd7 Qd8 20.Nxf8 Bxa1 21.Nxe6 fxe6 22.Rxa1 Nc6
23.Qd2 Qf6 24.Rd1 g6 25.h4 Kg7 26.Qxd6  1-0

[Event "Groningen op"]
[Site "Groningen"]
[Date "1995.??.??"]
[Round "?"]
[White "Tratar, Marko"]
[Black "Perdomo, Carlos Andres"]
[Result "0-1"]
[WhiteElo "2405"]
[BlackElo "2320"]

1.Nf3 Nf6 2.c4 c5 3.Nc3 b6 4.g3 Bb7 5.Bg2 d6 6.O-O e6 7.d4 cxd4 8.Qxd4 Be7
9.Bg5 a6 10.Bxf6 Bxf6 11.Qf4 O-O 12.Rfd1 Be7 13.Ne4 Bxe4 14.Qxe4 Ra7 15.Qe3 Rd7
16.Nd4 Bf6 17.Qa3 Qc7 18.Rac1 Rc8 19.b3 Qc5 20.Qb2 Nc6 21.Bxc6 Rxc6 22.e3 Rc8
23.Qd2 g6 24.b4 Qh5 25.b5 Ra8 26.a4 axb5 27.axb5 Rda7 28.Qe2 Qc5 29.Qf3 Kg7
30.Qc6 Ra2 31.Qd7 Bxd4 32.Rxd4 Rxf2 33.Kxf2 Ra2+ 34.Kg1 Qh5 35.h4 Qe2  0-1

[Event "Wch U18 Girls"]
[Site "Guarapuava"]
[Date "1995.??.??"]
[Round "9"]
[White "Apkhaidze, Natia"]
[Black "Blazkova, Petra"]
[Result "1-0"]
[WhiteElo "2090"]
[BlackElo "2200"]

1.c4 Nf6 2.Nf3 g6 3.Nc3 c5 4.g3 Bg7 5.Bg2 O-O 6.O-O d5 7.cxd5 Nxd5 8.Qa4 Nc6
9.Qc4 Be6 10.Qxc5 Rc8 11.Qa3 h6 12.Rb1 Qd7 13.d3 b5 14.Ne4 Nd4 15.Bd2 a5
16.Rbc1 Nc2 17.Nc5 Nxa3 18.Nxd7 Bxd7 19.bxa3 Nc3 20.Rfe1 Be6 21.d4 b4 22.axb4 Ne4
23.bxa5 Nxd2 24.Nxd2 Bxd4 25.a6 Bxa2 26.Bb7 Rxc1 27.Rxc1 Rd8 28.Nf3 Ba7 29.Ne5 Bd5
30.Rd1 e6 31.Nc6 Bb6 32.Nxd8 Bxd8 33.a7  1-0

[Event "Hafnarfjordur op"]
[Site "Hafnarfjordur"]
[Date "1995.??.??"]
[Round "2"]
[White "Edvardsson, Kristjan"]
[Black "Gunnarsson, Jon Viktor"]
[Result "1/2-1/2"]
[WhiteElo "2115"]
[BlackElo "2255"]

1.c4 Nf6 2.Nc3 c5 3.Nf3 g6 4.g3 Bg7 5.Bg2 Nc6 6.O-O O-O 7.d4 cxd4 8.Nxd4 Nxd4
9.Qxd4 d6 10.Qd3 Rb8 11.e4 a6 12.b3 b5 13.cxb5 axb5 14.Bb2 Nd7 15.Qd2 Qa5
16.Rfd1 Re8 17.Bf1 Ne5 18.Be2 Bg4 19.Bxg4 Nxg4 20.Rac1 b4 21.Nd5 Qxa2 22.Bxg7 Qxd2
23.Rxd2 Kxg7 24.Rd4 Ne5 25.Kg2 Rb7 26.f4 Nd7 27.Rcc4 e5 28.Rxb4 exd4 29.Rxb7 Nc5
30.Re7 Rxe7 31.Nxe7 Nxe4 32.Nc6 d3 33.Kf3 Kf6 34.Nd4 d2 35.Ke2 g5 36.fxg5+ Kxg5
37.Nf3+ Kf5 38.Nxd2 Nxd2 39.Kxd2 Ke4 40.g4 h6 41.Kc3 Ke3 42.Kc4 Ke4 43.Kc3 Ke3  1/2-1/2

[Event "Wichern op"]
[Site "Hamburg"]
[Date "1995.??.??"]
[Round "5"]
[White "Wendt, Jan Dietrich"]
[Black "Michaelsen, Nils"]
[Result "0-1"]
[WhiteElo "2230"]
[BlackElo "2425"]

1.Nf3 Nf6 2.c4 c5 3.Nc3 e6 4.g3 d5 5.cxd5 exd5 6.d4 Nc6 7.Bg2 Be7 8.O-O O-O
9.Bg5 c4 10.Ne5 Be6 11.Nxc6 bxc6 12.b3 Qa5 13.Na4 Rab8 14.Qc2 Rfc8 15.e3 c5
16.dxc5 Bxc5 17.Bxf6 gxf6 18.Nxc5 Rxc5 19.b4 Rxb4 20.Qc3 Kg7 21.e4 dxe4 22.Bxe4 Rb1
23.Qd4 Rxf1+ 24.Rxf1 c3 25.Bc2 Rd5 26.Qh4 Rh5 27.Qd4 Qc5 28.Qa4 Rd5 29.Qf4 Rd2
30.Bb1 Qe5 31.Qb4 a5 32.Qa4 Qe2 33.Be4 c2  0-1

[Event "Wichern op"]
[Site "Hamburg"]
[Date "1995.??.??"]
[Round "9"]
[White "Wilhelmi, Christian"]
[Black "Teske, Henrik"]
[Result "1-0"]
[WhiteElo "2315"]
[BlackElo "2500"]

1.c4 e6 2.Nf3 Nf6 3.Nc3 c5 4.g3 b6 5.Bg2 Bb7 6.O-O Be7 7.d4 cxd4 8.Nxd4 Bxg2
9.Kxg2 Qc8 10.Qd3 Nc6 11.b3 O-O 12.Bb2 Ne5 13.Qd2 Qb7+ 14.f3 Rfd8 15.Rfd1 d6
16.e3 Rd7 17.Qe2 Rad8 18.Rac1 h5 19.Kg1 h4 20.f4 Ng6 21.f5 exf5 22.Nxf5 d5
23.Qg2 hxg3 24.hxg3 Bc5 25.Na4 Bf8 26.Bxf6 gxf6 27.Nc3 Qb8 28.Rxd5 Bc5 29.Rxd7 Rxd7
30.Nd5 Qe5 31.Rf1 Ne7 32.Nfxe7+ Bxe7 33.Qf3 Rd6 34.Kg2 Re6 35.Qg4+ Qg5 36.Rf4 Qxg4
37.Rxg4+ Kh7 38.Rf4 Kg6 39.Kf3 f5 40.g4 fxg4+ 41.Rxg4+ Kh7 42.Re4 Rxe4 43.Kxe4 Ba3
44.Kf5 Kg7 45.e4 Kf8 46.b4 Ke8 47.e5 a5 48.b5 Bc5 49.a4 Bf2 50.Nf6+ Ke7 51.Ke4 Ke6
52.Nh5  1-0

[Event "Harkany op "]
[Site "Harkany"]
[Date "1995.??.??"]
[Round "?"]
[White "Muchtarov, L."]
[Black "Feher, Gyula"]
[Result "0-1"]
[WhiteElo "2205"]
[BlackElo "2415"]

1.c4 c5 2.Nf3 Nf6 3.Nc3 g6 4.g3 Bg7 5.Bg2 O-O 6.d4 cxd4 7.Nxd4 d6 8.O-O Qa5
9.Nc2 Nc6 10.Bd2 Qh5 11.e4 Qxd1 12.Raxd1 Bg4 13.f3 Bd7 14.Nd5 Nxd5 15.exd5 Ne5
16.b3 b5 17.f4 Nd3 18.Be3 bxc4 19.bxc4 Nb2 20.Rde1 Bf5 21.Nd4 Bd3 22.Rf2 Nxc4
23.Nc6 Bc3 24.Rd1 Bf5 25.Bd4 Bxd4 26.Rxd4 Ne3 27.Nxe7+ Kg7 28.Re2 Nxg2 29.Nxf5+ gxf5
30.Kxg2 Rfc8 31.Ra4 Rc5 32.Re7 a5 33.Rd7 Rb8 34.Rxd6 Rb2+ 35.Kh3 Rcc2 36.Kh4 h6
37.h3 Rc3 38.Rxa5 Rg2 39.Raa6 Rgxg3 40.Rxh6 Rxh3+ 41.Kg5 Rcg3+ 42.Kxf5 Rxh6
43.Ra4 Re3 44.Rd4 Rh5+ 45.Kg4 Reh3  0-1

[Event "Helsinki MatSK op"]
[Site "Helsinki"]
[Date "1995.??.??"]
[Round "?"]
[White "Salo, Tapio"]
[Black "Kiik, Kalle"]
[Result "0-1"]
[WhiteElo "2300"]
[BlackElo "2410"]

1.Nf3 c5 2.c4 Nf6 3.Nc3 e6 4.g3 b6 5.Bg2 Bb7 6.O-O a6 7.d4 cxd4 8.Qxd4 Bc5
9.Qd3 Be7 10.Bg5 d6 11.Bxf6 gxf6 12.Rfd1 Nd7 13.Ne4 Bxe4 14.Qxe4 Rc8 15.Rac1 O-O
16.b4 Qc7 17.Qf4 Kh8 18.g4 Ne5 19.Nxe5 fxe5 20.Qd2 f5 21.gxf5 Rxf5 22.Qh6 Bg5
23.Qxe6 Rf6 24.Qh3 Bxc1 25.Rxc1 Rg8 26.Kh1 Qg7 27.Bd5 Qg5 28.Rf1 Rh6 29.f4 Rxh3
30.fxg5 Rxg5 31.Rf8+ Kg7 32.Rg8+ Kf6 33.Rd8 Rc3 34.Rf8+ Kg7 35.Rf1 Rc2 36.Re1 Kf6
37.a4 a5 38.bxa5 bxa5 39.Rf1+ Rf5 40.Rxf5+ Kxf5 41.e4+ Kf4  0-1

[Event "HUN-chT1"]
[Site "HUN"]
[Date "1995.??.??"]
[Round "?"]
[White "Kiss, Laszlo"]
[Black "Sziebert, Adam"]
[Result "0-1"]
[WhiteElo "2270"]
[BlackElo "2330"]

1.Nf3 c5 2.c4 Nf6 3.Nc3 g6 4.d4 cxd4 5.Nxd4 Bg7 6.e4 d6 7.Be2 O-O 8.Be3 Nc6
9.O-O Nxd4 10.Bxd4 Be6 11.f3 Qa5 12.Qd2 Rfc8 13.b3 b5 14.b4 Qxb4 15.Rab1 Qa3
16.Nxb5 Qa4 17.Rfc1 Nd7 18.Bxg7 Kxg7 19.Rb3 Qa6 20.f4 Nc5 21.Re3 Qb6 22.Kh1 a6
23.Nd4 Rab8 24.f5 Bd7 25.Rh3 h5 26.Rf1 Nxe4 27.Qe3 Nf6 28.Rh4 Rc5 29.fxg6 Re5
30.Qc3 fxg6 31.Bd1 Qb2 32.Qg3 Qc1 33.Kg1 Qe3+ 34.Qxe3 Rxe3 35.h3 Rb2 36.Nc2 Rd3
37.Rd4 Rxd1 38.Rfxd1 Rxc2 39.a3 Be6 40.Re1 Kf7 41.Rb1 Bxc4 42.Rb6 Bd5 43.Rxa6 Rxg2+
44.Kf1 Rc2 45.Ra7 Bg2+ 46.Kg1 Bxh3 47.Rxd6 Ng4  0-1